000 01071nmc a2200337 a 4500
003 AR-BaBNM
005 20251128211431.0
008 144020s2004 ||||||||||||||000 | spa||
020 _a987-9406-99-0
040 _cAR-BaBNM
100 1 _aBrígido, Ana María
245 1 0 _aLa equidad en la educación argentina
_bun análisis de las desigualdades en la distribución de la educación
250 _a1ª ed.
260 _aCórdoba
_bUniversitas
_c2004
300 _a330 p.
490 0 _aTesis de Posgrado. Ciencias de la Educación
500 _aUniversitas: editorial científica universitaria de Córdoba
500 _aContiene anexo estadístico
504 _aContiene referencias bibliográficas p. 311-327
650 4 _aPOLITICA EDUCATIVA
650 4 _aIGUALDAD DE EDUCACION
650 4 _aPROVINCIAS ARGENTINAS
651 4 _aArgentina
653 _aLEGISLACION EDUCATIVA
653 _aRELACION NACION-PROVINCIAS
653 _aSISTEMA EDUCATIVO
653 _aESTADISTICAS EDUCATIVAS
653 _aEQUIDAD
942 _cBK
998 _craquel
999 _c19672
_d19672